| 000 | 01239nam a22003977a 4500 | ||
|---|---|---|---|
| 001 | 0016925 | ||
| 003 | KOHA_MİRAKIL | ||
| 005 | 20260207002121.0 | ||
| 007 | ta | ||
| 008 | 100504b2004 tu |||gr||||#||||0|tur | | ||
| 020 | _a9755915869 | ||
| 040 |
_aTR-BiSEU _btur _cTR-BiSEU _erda |
||
| 041 | 0 | _atur | |
| 044 | _ctu | ||
| 050 |
_aJS6953.A2 _bA93 2004 |
||
| 100 | 1 | _aAydınlı, Halil İbrahim. | |
| 245 | 1 |
_aSosyo-ekonomik dönüşüm sürecinde belediyeler/ _cHalil İbrahim Aydınlı ; Halil İbrahim Aydınlı. |
|
| 264 | 1 |
_aAnkara : _bNobel _c2004 |
|
| 300 | _a230 sayfa; 21 cm. | ||
| 336 |
_ametin _btxt _2rdacontent |
||
| 337 |
_aaracısız _bn _2rdamedia |
||
| 338 |
_acilt _bnc _2rdacarrier |
||
| 490 | 0 | _aNobel yayın no. | |
| 490 | 0 | _a604. | |
| 490 | 0 | _aHukuk, işletme, iktisat ve iletişim yayınları dizi no. | |
| 490 | 0 | _a121. | |
| 500 | _aKaynakça var. | ||
| 650 | 0 |
_aYerel yönetimler. _936498 |
|
| 650 | 0 |
_aYerel Yönetim--Türkiye. _99502 |
|
| 650 | 0 |
_aBelediye İdare Teşkilatı--Türkiye. _939204 |
|
| 830 | 0 |
_aNobel yayın no. _91940 |
|
| 830 | 0 |
_a604. _939205 |
|
| 830 | 0 |
_aHukuk, işletme, iktisat ve iletişim yayınları dizi no. _939206 |
|
| 830 | 0 |
_a121. _939207 |
|
| 942 |
_2lcc _cBK |
||
| 999 |
_c16883 _d16883 |
||